| 000 | 01200nas a2200313 i 4500 | ||
|---|---|---|---|
| 001 | 1902 | ||
| 003 | ES-MaACL | ||
| 005 | 20250922142216.0 | ||
| 007 | t| | ||
| 008 | 950801c1957 sp | | 1 ||pa d | ||
| 022 | _a0482-5748 | ||
| 080 | _a355 | ||
| 245 | 0 | 0 |
_aRevista de historia militar / _cServicio Histórico Militar. |
| 260 |
_aMadrid : _bServicio Histórico Militar, _c1957- |
||
| 300 |
_a29 v. ; _c24 cm. |
||
| 310 | _aSemestral | ||
| 362 | 0 | _aAño 1, n. 1 (1957)- | |
| 500 | _aDescripción basada en : n. 58 (ene.-jun. 1985. | ||
| 500 | _aIndice n. 1-52 (1958-81. | ||
| 650 | 7 |
_aArte y ciencia militar _2embne _9135619 |
|
| 650 | 0 | 7 |
_aHistoria militar _2embne _913415 |
| 710 | 1 |
_aEspaña. _bServicio Histórico Militar. _93980 |
|
| 852 |
_aES-MaACL _jHEM-H-228 _dOlim:Hem-1605 _91941 _cHEM _zRevista: Viva |
||
| 856 |
_uhttp://bibliotecavirtualdefensa.es/BVMDefensa/i18n/consulta/registro.cmd?id=1741 _zVersión en línea 1957-2013 _yBiblioteca Virtual de Defensa |
||
| 856 |
_uhttps://dialnet.unirioja.es/servlet/revista?codigo=1180 _yAcceso a sumarios en Dialnet |
||
| 866 | 0 | _o(1982f.n.52)1983, 2017-2024-2025- | |
| 942 |
_2udc _cPERIODICA |
||
| 999 |
_c1902 _d1902 |
||